Can You Name The colleges These NFL Players Went To - Statistics

General Stats
  • This quiz has been taken 89 times
  • The average score is 10 of 13
Answer Stats
Player College % Correct
Derrick Henry Alabama
96%
Kyler Murray Oklahoma
96%
Tom Brady Michigan
95%
Patrick Mahomes Texas Tech
95%
Lamar Jackson Louisville
92%
Ezekiel Elliott Ohio State
92%
Myles Garrett Texas A&M
84%
Deandre Hopkins Clemson
82%
Drew Brees Purdue
82%
Jarvis Landry LSU
80%
Sean Taylor Miami
68%
Jaylon Smith Notre Dame
48%
Kyle Juszczyk Havard
5%
No matching quizzes found
Score Distribution
Percent of People with Each Score
Percentile by Number Answered
Your Score History
You have not taken this quiz